European Countries Containing Y - Statistics

General Stats
  • This quiz has been taken 77 times
    73 since last reset
  • The average score is 5 of 6
Answer Stats
Answer % Correct
Germany
97%
Italy
92%
Hungary
91%
Norway
82%
Cyprus
56%
Turkey
56%
No matching quizzes found
Score Distribution
Percent of People with Each Score
Percentile by Number Answered
Your Score History
You have not taken this quiz since the last reset